| 000 | 00963nam a2200217Ii 4500 | ||
|---|---|---|---|
| 003 | JO-AjNU | ||
| 008 | 230605s9999||||xx |||||||||||||| ||und|| | ||
| 017 | _a2020/1/243 | ||
| 020 | _a978-9957-94-557-2 | ||
| 040 |
_aJO-AjNU _bara _erda _cJO-AjNU |
||
| 041 | _aara | ||
| 050 | 1 | 4 | _aDS154.9.K35.T3768 2020 |
| 100 | 3 |
_aالطراونة، محمد سالم, _eauthor _963787 |
|
| 245 | 0 | 0 | _aلواء الكرك في فترة الحكومة العربية الفيصلية 1918-1926م: (دراسة ادارية واجتماعية واقتصادية) |
| 264 | 3 | 1 | _aعمان: وزارة الثقافة، 2020 |
| 300 |
_a208ص _bيحتوي على مراجع وملاحق من ص 127-208ص |
||
| 336 |
_atext _btxt _2rdacontent |
||
| 337 |
_aunmediated _bn _2rdamedia |
||
| 338 |
_avolume _bnc _2rdacarrier |
||
| 650 | 4 |
_aالاوضاع الادارية-الاوضاع الاجتماعية-الاوضاع الاقتصادية-تاريخ الاردن-الكرك _963788 |
|
| 999 |
_aA28952 _c32520 _d32520 |
||